| 000 | 00388nam a2200097Ia 4500 | ||
|---|---|---|---|
| 008 | 180130s9999 xx 000 0 und d | ||
| 245 |
_cPattabiraman, V. _aOptimization of spatial join using constraints based-clustering techniques |
||
| 260 | _c2016 | ||
| 300 | _aBook title: Innovations in computer science and engineering--Acession number C20551; pages 161-170 | ||
| 650 | _aCOMPUTER SCIENCE | ||
| 999 |
_c353750 _d353750 |
||